000 00453nam a22001577a 4500
003 macl
005 20200717115613.0
008 200717b xxu||||| |||| 00| 0 eng d
040 _cmacl
082 _a500
100 _aसैन ,अलका
_979024
245 _aहमारा बहमाण्‍ड
260 _aदिल्‍ली
_bअंश एजुकेशन
_c2019
650 _aविज्ञान
_979025
942 _2ddc
_cHIN
999 _c62677
_d62677